Best QBs Of All Time - Statistics

General Stats
  • This quiz has been taken 42 times
  • The average score is 27 of 40
Answer Stats
Hint Answer % Correct
Giants Eli Manning
100%
49ers Joe montana
100%
Colts Peyton Manning
100%
Patriots Tom Brady
97%
Packers Aaron Rodgers
95%
Dolphins Dan Marino
92%
Saints Drew Brees
89%
Broncos John Elway
89%
Steelers Ben Roethlisberger
87%
Colts (Baltimore) Johnny Unitas
82%
Seahawks Russell Wilson
82%
Cowboys Troy Aikman
79%
Packers Bart Starr
76%
49ers Steve Young
76%
Packers Brett Farve
74%
Chargers Phillip Rivers
74%
Bills Jim Kelly
71%
Falcons/Eagles MIchael Vick
71%
Steelers Terry Bradshaw
71%
Cowboys Tony Romo
71%
Falcons Matt Ryan
68%
CowGirls Roger Staubach
68%
Jets Joe Namath
66%
Browns Otto Graham
61%
Titans Steve Mcnair
61%
Chargers Dan Fouts
58%
Rams Kurt Warner
58%
Dolphins Warren Moon
58%
Chiefs Len Dawson
55%
Redskins(at the time of when he played) Sammy Baugh
55%
Dolphins Bob Griese
53%
Bengals Boomer esiason
53%
Eagles Donovan Mcnabb
53%
Redskins/Commanders Joe Theismann
50%
Raiders Ken Stabler
45%
Eagles Randall Cunningham
39%
Bears Sid Luckman
39%
Rams Norm Van Brocklin
37%
Giants Fran Tarkenton
32%
Giants Phil Sims
16%
No matching quizzes found
Score Distribution
Percent of People with Each Score
Percentile by Number Answered
Your Score History
You have not taken this quiz